000 01253naa a22003377a 4500
001 BR7405617
003 BR-BrBNA
005 20240918173639.0
007 ta
008 230509b bl.||||| |||| 00| 0 por d
040 _aBR-BrBNA
_bpor
_cBiblioteca Nacional de Agricultura
041 _a(Pt)
072 _aE10; E70
_b0430
_b8930
_bG514
090 _aE10 BR7405617
100 1 _aSiegel, M.
100 1 _aPereira, J.A.
111 1 _aConferencia Nacional Algodoeira
_cSao Paulo, SP (Brazil)
_d23 Apr 1935
245 1 _aContribuicao para o estudo da variacao do peso especifico do algodao prensado em funccao da pressao e da humidade [Gossypium spp; Controle de qualidade; Brasil]
260 3 _aSao Paulo, SP (Brasil):
_c1935.
500 _aAnnaes da Conferencia Nacional Algodoeira Sao Paulo, SP (Brasil): 1935. v. 3 p. 89-100 (BR7405617-AM)E10
650 _aComercializacao
650 _aMacroeconomia
650 _aAlgodao
650 _aFibra
650 _aControle de qualidade
650 _aIndustria agricola
650 _aMecanizacao industrial
773 0 _tAnnaes da Conferencia Nacional Algodoeira
_wE10 BR7405617
_gSao Paulo, SP (Brasil), 1935. v. 3 p. 89-100
909 _a202404
_bLucia
_c55
_dLucia Elande
942 _cAM
_2AGRIS
999 _c305952
_d305952